Moral character, and civic education in the elementary school
Αποθηκεύτηκε σε:
| Άλλοι συγγραφείς: | |
|---|---|
| Μορφή: | Βιβλίο |
| Γλώσσα: | English |
| Δημοσίευση: |
New York :
Teachers College Press,
1991
|
| Θέματα: | |
| Ετικέτες: |
Προσθήκη ετικέτας
Δεν υπάρχουν, Καταχωρήστε ετικέτα πρώτοι!
|
MARC
| LEADER | 00000nam a2200000 i 4500 | ||
|---|---|---|---|
| 001 | 1/5903 | ||
| 008 | 000609s1991 eng d | ||
| 020 | |a 0-8077-3055-6 | ||
| 035 | |l 10061747 | ||
| 040 | |a GR-MY-UA |b gre |e aacr | ||
| 041 | 0 | |a eng | |
| 082 | 0 | |a 372.832044 | |
| 245 | 1 | 0 | |a Moral character, and civic education in the elementary school / |c edited by Jacques S. Benninga |
| 260 | |a New York : |b Teachers College Press, |c 1991 | ||
| 300 | |a 290 p. | ||
| 650 | 0 | 0 | |a Moral education |z United States. |
| 650 | 0 | 0 | |a Civics |x Study and teaching (Elementary) |z United States. |
| 700 | 1 | |a Benninga, Jacques S. |4 edt | |
| 852 | |a INST |b RHODES |e 20000609 |h 372.832044 MOR |p 005400013404 |q 005400013404 |t BK |y 0 | ||
| 901 | |a BIBL4-2000-2 | ||
| 909 | |a Ρ |b 080229 | ||
| 922 | |a 4ΕΛΗ |b 200004 |c ΚΠΣ/154 |d GLORY BOOKS | ||
| 970 | |a ΚΟΥΛΑΚΙΟΤΗ |b ΛΙΤΣΑ |z 2000/06/09 | ||